Statistiques concernant Montagnes Alpines avec la plus haute Proéminence

Cliquez ici pour prendre le quiz!

Statistiques générales

  • Ce quiz a été pris 12 fois
  • Le résultat moyen est 2 sur 10

Réponses sur la Carte

Les réponses sont colorées sur une échelle allant du rouge au vert en fonction du pourcentage des utilisateurs qui les ont devinées à leur premier essai. Vous pouvez retrouver ces pourcentages ci-dessous.
Chargement ...
 

Statistiques - réponses

HauteurProéminenceSommet% Correct
48084695Mont Blanc
100%
46342165Pointe Dufour
67%
41022045Barre des Écrins
33%
37982428Grossglockner
8%
40492234Piz Bernina
8%
42742280Finsteraarhorn
0%
37702263Wildspitze
0%
33432134Marmolada
0%
38412062Mont Viso
0%
39051953Ortles
0%

Distribution des résultats

Percentile par nombre de réponses

% des personnes avec chaque résultat

Votre développement - résultats

Vous n’avez pas pris ce quiz